Introduction of total quality management to Zambian service organisations (Record no. 47580)
[ view plain ]
| 000 -LEADER | |
|---|---|
| fixed length control field | 00732nam a2200145 a 4500 |
| 008 - FIXED-LENGTH DATA ELEMENTS--GENERAL INFORMATION | |
| fixed length control field | 120416s2004 ||||||||||||||||| || u |
| 050 ## - LIBRARY OF CONGRESS CALL NUMBER | |
| Classification number | CBU-UG THESIS/KAM |
| 100 ## - MAIN ENTRY--PERSONAL NAME | |
| Personal name | Kambayi, Rodgers |
| 245 10 - TITLE STATEMENT | |
| Title | Introduction of total quality management to Zambian service organisations |
| Statement of responsibility, etc. | Thesis Supervised by Mr. D. Bwalya |
| 246 ## - VARYING FORM OF TITLE | |
| Title proper/short title | cases of: Finance bank, Zambia state insurance corporation and Kitwe central hospital |
| 260 ## - PUBLICATION, DISTRIBUTION, ETC. | |
| Place of publication, distribution, etc. | Kitwe |
| Name of publisher, distributor, etc. | Copperbelt University, School of Business, Department of Production Management |
| Date of publication, distribution, etc. | 2004 |
| 350 ## - PRICE (NR) (BK AM CF MU VM SE) [OBSOLETE] | |
| Price | 0.00 |
| 650 ## - SUBJECT ADDED ENTRY--TOPICAL TERM | |
| Topical term or geographic name entry element | QUALITY MANAGEMENT |
| 995 ## - RECOMMENDATION 995 [LOCAL, UNIMARC FRANCE] | |
| -- | 0.00 |
| -- | CBU-MAIN LIBRARY (Kitwe) |
| -- | 1 |
| -- | 0.00 |
| -- | 1 |
| -- | AVAILABLE |
| -- | Jul 19, 2007 |
| -- | University Collection |
| Withdrawn status | Lost status | Source of classification or shelving scheme | Damaged status | Not for loan | Home library | Current library | Shelving location | Date acquired | Total Checkouts | Full call number | Barcode | Date last seen | Price effective from | Koha item type |
|---|---|---|---|---|---|---|---|---|---|---|---|---|---|---|
| CBU-MAIN LIBRARY, KITWE. | CBU-MAIN LIBRARY, KITWE. | 11/30/2022 | CBU-UG THESIS/KAM | 9018806 | 11/30/2022 | 11/30/2022 | MONOGRAPH |